Long-Range Planning of Japanese Corporations

Na minha lista:
Detalhes bibliográficos
Autor principal: Kono, Toyohiro
Formato: Livro
Idioma:inglês
Publicado em: Berlin De Gruyter 1992
Edição:1. ed.
Colecção:De Gruyter Studies in Organization 37
Assuntos:
Tags: Adicionar Tag
Sem tags, seja o primeiro a adicionar uma tag!

MARC

LEADER 00000nam a2200000 4500
001 c010237
005 20221206083320.7
020 |a 3-11-013793-3 
041 0 |a eng 
044 |a DE 
245 1 0 |a Long-Range Planning of Japanese Corporations  |c Toyohiro Kono 
250 |a 1. ed. 
264 1 |a Berlin  |b De Gruyter  |c 1992 
300 |a 390 s. 
490 1 |a De Gruyter Studies in Organization  |v 37 
830 0 |a De Gruyter Studies in Organization  |v 37 
610 2 0 |a plánovanie podnikové 
610 2 0 |a plánovanie 
610 2 0 |a Japonsko 
610 2 0 |a plánovanie strategické 
610 2 0 |a procesy rozhodovacie 
610 2 0 |a informácie ekonomické 
100 1 |a Kono, Toyohiro